000
00457 a2200133 4500
000
nam a22 7a 4500
100
_a
सत्य प्रकाश गुप्ता
110
_a
सत्य प्रकाश गुप्ता
245
_a
रिश्तो की डोर
250
_a
Latest edition
260
_b
मोनिका प्रकाशन
_c
2021
264
_b
मोनिका प्रकाशन
_c
2021
942
_c
BK
999
_c
396543
_d
396543